Największe państwa kontynentu - Statystyki

Ogólne statystyki
  • Ten quiz został rozwiązany 26 razy
  • Średni wynik to 5 z 6
Statystyki odpowiedzi
Zagadnienie Odpowiedź % Poprawnych
Ameryka Północna Kanada, USA
100%
Azja Rosja, Chiny
100%
Europa Rosja, Ukraina
100%
Ameryka Południowa Brazylia, Argentyna
92%
Afryka Algieria, Demokratyczna Republika Konga
84%
Australia i Oceania Australia, Papua-Nowa Gwinea
40%
Nie znaleziono quizów pasujących do podanych kryteriów
Rozkład punktacji
Procent ludzi z każdym wynikiem
Percentyl według liczby udzielonych odpowiedzi
Twoja historia wyników
Nie rozwiązałeś tego quizu